The pain and horror : (Record no. 67834)

MARC details
000 -LEADER
fixed length control field 00422nam a22001457a 4500
005 - DATE AND TIME OF LATEST TRANSACTION
control field 20170828144114.0
020 ## - INTERNATIONAL STANDARD BOOK NUMBER
International Standard Book Number 8176482528
Terms of availability 00
035 ## - SYSTEM CONTROL NUMBER
System control number B-058549
037 ## - SOURCE OF ACQUISITION
Stock number DPL
Source of stock number/acquisition ENG
100 ## - MAIN ENTRY--PERSONAL NAME
Personal name Reddy, L.R
245 ## - TITLE STATEMENT
Title The pain and horror :
Remainder of title Gujarat earthquake /
Statement of responsibility, etc by L.R Reddy
260 ## - PUBLICATION, DISTRIBUTION, ETC. (IMPRINT)
Place of publication, distribution, etc New Delhi
Name of publisher, distributor, etc A.P.H. Publishing Corporation
Date of publication, distribution, etc 2001
300 ## - PHYSICAL DESCRIPTION
Extent v, 297p.
Dimensions 20 cms.
942 ## - ADDED ENTRY ELEMENTS (KOHA)
Source of classification or shelving scheme Dewey Decimal Classification
Item type English Books
Classification part 363.349
Call number suffix RED
Holdings
Withdrawn status Lost status Not for loan Collection code Home library Current library Date acquired Cost, normal purchase price Full call number Barcode Cost, replacement price Koha item type
      Non-fiction Sarojini Nagar Sarojini Nagar 12/06/2012 0.00 363.349 RED B-058549 0.00 English Books

© Delhi Public Library
Hit Counter
free hit counter